000 00838nas a2200289 4500
001 BR2013009034
003 BR-BrBNA
005 20231205123210.0
007 ta
008 230509b bl.|||p| |||| 00| 00por d
040 _aBR-BrBNA
_bpor
_cBiblioteca Nacional de Agricultura
041 _a(Pt)
072 _aF70
100 1 _aLüdtke, R.
100 1 _aChies, T.T. de S.
100 1 _aMiotto, S.T.S.
245 1 _aO gênero Polygala L. (Polygalaceae)na região Sul do Brasil
650 _aPOLYGALACEAE
650 _aTAXONOMIA VEGETAL
650 _aDISTRIBUIÇÃO GEOGRÁFICA
650 _aPARANÁ
650 _aRIO GRANDE DO SUL
650 _aSANTA CATARINA
773 0 _tHoehnea (Brazil)
_xISSN 0073-2877
_g(Mar 2013), v. 40(1) p. 1-50
_wBR2013009034
909 _a202311
_bLúcia
_c55
_dLúcia Elande
942 _2AGRIS
_n0
_cANA
999 _c232654
_d232654